000 00737nam a2200241 a 4500
001 BRCA_3290
005 20190320204215.0
008 170309s2008----mx-a---###---#000-0#spa-#
020 _a9789706833341
020 _a9789706833419
041 _aspa
044 _amx
050 4 _aNK844
_b.U86 11
_c2008
245 1 0 _aSarape de Saltillo.
260 _aMéxico
_bMuseo Franz Mayer : Artes de México
_c2008
300 _a111 p.
_bil. a color
_c23 cm.
440 0 _aColección Uso y estilo
_v11
_98718
500 _a2 ejemplares en Biblioteca y 1 en el Área de Investigación
546 _aTexto en : español e inglés
650 1 4 _aSarapes
_vExposiciones
_zMéxico
_94736
650 1 4 _aTelas
_zSaltillo, México
_94737
942 _2lcc
_cB
999 _c3026
_d3026